000 01114nac a22003737a 4500
001 BR0703967
003 BR-BrBNA
005 20240105123504.0
008 230509b bl.|||m| |||| 00| 0 por d
040 _aBR-BrBNA
_bpor
_cBiblioteca Nacional de Agricultura
072 _aF01
090 _a1410 BR0703967
100 1 _aPereira, R. de C.A.
100 1 _aCosta, J.G. da
100 1 _aMaia, A.S.C.
110 1 _aCentro de Pesquisa Agroflorestal do Acre, Rio Branco (Brasil)
245 1 _aRecomendações para a cultura do feijão no Estado do Acre
260 3 _aRio Branco, AC (Brasil):
_c1998.
300 _a24 p.
490 _aCircular Técnica - Centro de Pesquisa Agroflorestal (Brazil)
_vno. 24
_xISSN 0100-9915
650 _aFEIJÃO
650 _aPRÁTICA CULTURAL
650 _aVAQUINHA
650 _aMELA
650 _aFUNGO
650 _aCEROTOMIA TRIFURCATA
650 _aANÁLISE DO SOLO
650 _aÉPOCA DE SEMEADURA
650 _aCOLHEITA
650 _aCONTROLE QUÍMICO
650 _aACRE
909 _a202312
_bLúcia Elande
_c55
_dLúcia Elande
942 _2AGRIS
_n0
_cMS
999 _c295694
_d295694